[Event "Schloss op 1st"]
[Site "Heusenstamm"]
[Date "2014.11.22"]
[Round "5.32"]
[White "Krastev, Alexander"]
[Black "Junker, Christian"]
[Result "0-1"]
[WhiteElo "1745"]
[BlackElo "2010"]
[PlyCount "68"]
[EventDate "2014.11.??"]
[EventType "swiss"]
[EventRounds "7"]
[EventCountry "GER"]
[WhiteTeam "Sfr Biebertal"]
[BlackTeam "SV 1926 Neu Isenburg"]

1. e4 e5 2. Nf3 Nf6 3. Nxe5 d6 4. Nf3 Nxe4 5. Nc3 Nf6 6. d4 g6 7. Bd3 Bg7 8.
O-O O-O 9. Bd2 h6 10. Re1 Nc6 11. h3 d5 12. Ne2 Nh5 13. c3 Qf6 14. Nh2 Qd6 15.
Ng4 g5 16. Ne3 Ne7 17. Nf1 f5 18. h4 f4 19. hxg5 hxg5 20. Nh2 g4 21. f3 gxf3
22. Nxf3 Nf5 23. Ne5 Ne3 24. Bxe3 fxe3 25. Qc2 Bxe5 26. dxe5 Qxe5 27. Rf1 Bg4
28. Rae1 Qg5 29. Bh7+ Kg7 30. Nd4 Rae8 31. Bf5 Ng3 32. Bxg4 Qxg4 33. Rxf8 Rxf8
34. Ne2 Rf2 0-1

[Event "Schloss op 1st"]
[Site "Heusenstamm"]
[Date "2014.11.22"]
[Round "5.33"]
[White "Krastev, Ivan"]
[Black "Diez, Gerhard"]
[Result "0-1"]
[WhiteElo "1742"]
[BlackElo "2007"]
[PlyCount "82"]
[EventDate "2014.11.??"]
[EventType "swiss"]
[EventRounds "7"]
[EventCountry "GER"]
[WhiteTeam "Sfr Biebertal"]
[BlackTeam "SC Bad Nauheim"]

1. e4 e5 2. Nf3 Nc6 3. Bc4 Bc5 4. c3 Bb6 5. Bb3 Qe7 6. d3 d6 7. Be3 Nf6 8. Nbd2
Ng4 9. Nc4 h5 10. Nxb6 axb6 11. h3 Nxe3 12. fxe3 h4 13. Qe2 Bd7 14. d4 O-O-O
15. Bd5 Na7 16. a4 c6 17. Bc4 Kb8 18. b4 f5 19. dxe5 fxe4 20. exd6 Qxd6 21. Nd4
c5 22. bxc5 bxc5 23. Nb5 Nxb5 24. axb5 Rhf8 25. Rf1 Qg3+ 26. Rf2 Bxh3 27. gxh3
Rf3 28. Kf1 Rdf8 29. Ra2 Qxh3+ 30. Kg1 Rxf2 31. Qxf2 Rxf2 32. Rxf2 Qxe3 33. b6
h3 34. Kf1 Qc1+ 35. Ke2 Qb2+ 36. Kf1 Qxb6 37. Kg1 Qd6 38. Bf1 Qg3+ 39. Bg2 hxg2
40. Rf8+ Ka7 41. c4 Qg5 0-1

[Event "Schloss op 1st"]
[Site "Heusenstamm"]
[Date "2014.11.22"]
[Round "5.34"]
[White "Zirlik, Rudi"]
[Black "Gelfenbaum, Daniel"]
[Result "1-0"]
[WhiteElo "1993"]
[BlackElo "1715"]
[PlyCount "81"]
[EventDate "2014.11.??"]
[EventType "swiss"]
[EventRounds "7"]
[EventCountry "GER"]
[WhiteTeam "SV Unterkochen"]
[BlackTeam "TuS Makkabi Frankfurt"]

1. d4 d5 2. g3 Nf6 3. Bg2 Bf5 4. c4 e6 5. Nc3 Be7 6. cxd5 exd5 7. Qb3 Nc6 8.
Nxd5 Nxd4 9. Qa4+ c6 10. Qxd4 cxd5 11. Nf3 O-O 12. O-O b6 13. Rd1 Bc5 14. Qf4
Bc2 15. Rd2 Bg6 16. Nh4 Be4 17. Nf3 Bg6 18. e3 Ne4 19. Rd1 Bd6 20. Qh4 Be7 21.
Qg4 f5 22. Qh3 Nf6 23. Ne5 Bh5 24. Nc6 Qc7 25. Nxe7+ Qxe7 26. Bxd5+ Nxd5 27.
Qxh5 Rad8 28. Qf3 Qb7 29. Rd4 g6 30. b3 Rf7 31. Bb2 Rfd7 32. Rad1 Qc6 33. h4 h5
34. Rc1 Qa8 35. Rdc4 Ne7 36. Qxa8 Rxa8 37. Rc7 Rad8 38. Kg2 Nd5 39. Rxd7 Rxd7
40. Rc8+ Kh7 41. Rh8# 1-0

[Event "Schloss op 1st"]
[Site "Heusenstamm"]
[Date "2014.11.22"]
[Round "5.35"]
[White "Klyszcz, Michael"]
[Black "Miller, Justin"]
[Result "1-0"]
[WhiteElo "1969"]
[BlackElo "1712"]
[PlyCount "57"]
[EventDate "2014.11.??"]
[EventType "swiss"]
[EventRounds "7"]
[EventCountry "GER"]
[WhiteTeam "SG Loeberitz"]
[BlackTeam "Sfr 1932 Kelkheim"]

1. e4 c5 2. Nf3 e6 3. c3 Nf6 4. e5 Nd5 5. c4 Nb6 6. Nc3 d5 7. cxd5 exd5 8. d4
Nc6 9. Be2 cxd4 10. Nb5 Bc5 11. Bg5 Bb4+ 12. Bd2 O-O 13. Bxb4 Nxb4 14. Nbxd4 a6
15. O-O Re8 16. Qb3 Nc6 17. Nxc6 bxc6 18. Rac1 Bb7 19. Rfd1 Rb8 20. Rd4 Qc7 21.
Qc2 h6 22. Qf5 Qe7 23. Bd3 g6 24. Rg4 Bc8 25. Rxg6+ fxg6 26. Qxg6+ Kf8 27.
Qxh6+ Qg7 28. Qd6+ Kg8 29. Qxb8 1-0

[Event "Schloss op 1st"]
[Site "Heusenstamm"]
[Date "2014.11.22"]
[Round "5.36"]
[White "Turp, Hueseyin"]
[Black "Keller, Alexander"]
[Result "0-1"]
[WhiteElo "1651"]
[BlackElo "1963"]
[PlyCount "96"]
[EventDate "2014.11.??"]
[EventType "swiss"]
[EventRounds "7"]
[EventCountry "GER"]
[WhiteTeam "Oberhausener SV"]
[BlackTeam "SK Buchloe"]

1. d4 Nf6 2. c4 e6 3. Nc3 Bb4 4. Qb3 c5 5. a3 Bxc3+ 6. bxc3 O-O 7. Bg5 h6 8.
Bh4 cxd4 9. cxd4 Nc6 10. e3 Qa5+ 11. Kd1 Ne4 12. Nf3 g5 13. Bd3 d5 14. Bxe4
dxe4 15. Nd2 gxh4 16. Nxe4 f5 17. Nd2 Rd8 18. Nf3 Bd7 19. Ke2 Ne7 20. Nxh4 Rac8
21. Rhb1 b6 22. Kf1 Qa6 23. Rc1 Nc6 24. Qd1 Be8 25. Qf3 Na5 26. Kg1 Nb3 27. d5
Qb7 28. e4 Nxa1 29. exf5 Qxd5 30. Qg3+ Kh7 31. Rf1 Qd3 32. Qe5 Qxc4 33. fxe6
Qxh4 34. e7 Rd7 35. Qf5+ Kg7 36. Qf8+ Kg6 37. f4 Qxe7 38. Qg8+ Kf6 39. Qg3 Qc5+
40. Kh1 Nc2 41. Qh4+ Kg7 42. Qg4+ Kh7 43. Qe6 Qd5 44. Qf6 Rg7 45. Rg1 Rxg2 46.
Rxg2 Qd1+ 47. Rg1 Bc6+ 48. Qxc6 Qxg1+ 0-1

[Event "Schloss op 1st"]
[Site "Heusenstamm"]
[Date "2014.11.22"]
[Round "5.37"]
[White "Wolff, Peter"]
[Black "Koellner, Ruben Gideon"]
[Result "1-0"]
[WhiteElo "1957"]
[BlackElo "1529"]
[PlyCount "47"]
[EventDate "2014.11.??"]
[EventType "swiss"]
[EventRounds "7"]
[EventCountry "GER"]
[WhiteTeam "VSG 1880 Offenbach"]
[BlackTeam "SV Bergneustadt/Derschlag"]

1. c4 e5 2. g3 Nf6 3. Bg2 Be7 4. Nf3 Nc6 5. Nc3 O-O 6. O-O d6 7. d3 Be6 8. Ng5
Qd7 9. Nxe6 fxe6 10. b3 Rf7 11. e3 Kh8 12. Bb2 Rd8 13. Bh3 Bf8 14. Qe2 Re7 15.
Rac1 g6 16. f4 exf4 17. Nd5 Bg7 18. Bxf6 Bxf6 19. Nxf6 Qc8 20. Rxf4 Rf8 21.
Rcf1 Ref7 22. Qb2 Ne5 23. Ng4 Kg8 24. Nh6+ 1-0

[Event "Schloss op 1st"]
[Site "Heusenstamm"]
[Date "2014.11.22"]
[Round "5.38"]
[White "Held, Maurice"]
[Black "Stock, Juergen"]
[Result "1/2-1/2"]
[WhiteElo "1634"]
[BlackElo "1941"]
[PlyCount "95"]
[EventDate "2014.11.??"]
[EventType "swiss"]
[EventRounds "7"]
[EventCountry "GER"]
[WhiteTeam "SC Ladja Rossdorf"]
[BlackTeam "SC Eschborn 1974"]

1. c4 e6 2. Nf3 f5 3. g3 Nf6 4. Bg2 Be7 5. Nc3 O-O 6. O-O a5 7. d3 d6 8. Bd2 e5
9. a3 Nc6 10. Rb1 Qe8 11. b4 axb4 12. axb4 e4 13. dxe4 Nxe4 14. b5 Nxd2 15.
Nxd2 Ne5 16. Nd5 Bd8 17. Ra1 Rxa1 18. Qxa1 c6 19. bxc6 bxc6 20. Nb4 f4 21. Qa3
Be6 22. Qa6 Bg5 23. Rd1 fxg3 24. hxg3 Bxd2 25. Rxd2 Bxc4 26. Bxc6 Qf7 27. Qb6
Nxc6 28. Nxc6 Qf6 29. Qd4 Qxd4 30. Nxd4 Re8 31. e3 d5 32. Kg2 g6 33. Kh3 h5 34.
Kh2 Kg7 35. Rb2 Kf6 36. Rb6+ Kg5 37. f4+ Kh6 38. Re6 Rxe6 39. Nxe6 Bd3 40. Nd4
Be4 41. Kh3 g5 42. fxg5+ Kxg5 43. Ne6+ Kf5 44. Nf4 Bf3 45. Kh4 Ke4 46. Nxh5
Kxe3 47. Nf4 d4 48. Kh3 1/2-1/2

[Event "Schloss op 1st"]
[Site "Heusenstamm"]
[Date "2014.11.22"]
[Round "5.39"]
[White "Pruemm, Stephan"]
[Black "Klebs, Sebastian"]
[Result "1/2-1/2"]
[WhiteElo "1342"]
[BlackElo "1930"]
[PlyCount "61"]
[EventDate "2014.11.??"]
[EventType "swiss"]
[EventRounds "7"]
[EventCountry "GER"]
[WhiteTeam "SC Heusenstamm"]
[BlackTeam "Karlsruher SF"]

1. e4 c5 2. Nc3 e6 3. f4 Nc6 4. Nf3 d6 5. Bb5 Nge7 6. O-O a6 7. Bxc6+ Nxc6 8.
d3 b5 9. Qe1 Bb7 10. f5 Be7 11. Qg3 Bf6 12. fxe6 fxe6 13. Ng5 Qe7 14. Nxh7
O-O-O 15. Ng5 Nd4 16. Rf2 Rh5 17. Nf3 Rdh8 18. Be3 Nxf3+ 19. Rxf3 Rxh2 20. Qxh2
Rxh2 21. Kxh2 Be5+ 22. Kg1 b4 23. Nd1 Qh4 24. Bf2 Qh2+ 25. Kf1 Qh1+ 26. Ke2
Qxg2 27. a3 Bd4 28. axb4 cxb4 29. c3 bxc3 30. bxc3 Bxf2 31. Nxf2 1/2-1/2

[Event "Schloss op 1st"]
[Site "Heusenstamm"]
[Date "2014.11.22"]
[Round "5.40"]
[White "Maar, Samuel"]
[Black "Kremenetskiy, Igor"]
[Result "1-0"]
[WhiteElo "1892"]
[BlackElo "1345"]
[PlyCount "91"]
[EventDate "2014.11.??"]
[EventType "swiss"]
[EventRounds "7"]
[EventCountry "GER"]
[WhiteTeam "SC Kaufungen"]
[BlackTeam "Sfr Heusenstam"]

1. c4 Nf6 2. g3 g6 3. Bg2 c6 4. e3 Bg7 5. Nc3 e6 6. Nge2 d5 7. cxd5 exd5 8. O-O
O-O 9. b4 Nbd7 10. b5 Ne5 11. bxc6 bxc6 12. d4 Nc4 13. Na4 Re8 14. Nb2 Nb6 15.
Bd2 Ba6 16. Ba5 Qd6 17. a3 Nc4 18. Nxc4 Bxc4 19. Re1 Bh6 20. Nc3 Rab8 21. Bf1
Bxf1 22. Rxf1 Qe6 23. Qf3 Bg7 24. Rab1 Nd7 25. Na4 Bf8 26. Bb4 Bxb4 27. axb4 a6
28. Nc5 Nxc5 29. bxc5 Rb5 30. Ra1 Ra8 31. Rfc1 Kg7 32. Qf4 Qe7 33. Re1 f5 34.
h3 h5 35. g4 fxg4 36. hxg4 hxg4 37. Qxg4 a5 38. e4 dxe4 39. Rxe4 Qf7 40. Rae1
Rb7 41. Re6 Rc7 42. d5 cxd5 43. Qd4+ Kg8 44. Qxd5 Raa7 45. Rxg6+ Kf8 46. Qd8+
1-0

[Event "Schloss op 1st"]
[Site "Heusenstamm"]
[Date "2014.11.22"]
[Round "5.41"]
[White "Koellner, Aaron Noah"]
[Black "Foskanjan, Serschik"]
[Result "0-1"]
[WhiteElo "1325"]
[BlackElo "1888"]
[PlyCount "50"]
[EventDate "2014.11.??"]
[EventType "swiss"]
[EventRounds "7"]
[EventCountry "GER"]
[WhiteTeam "SV Bergneustadt/Derschlag"]
[BlackTeam "SV Mainz Mombach"]

1. d4 Nf6 2. Nf3 d5 3. e3 e6 4. Bd3 Nc6 5. c3 Bd6 6. Nbd2 Bd7 7. O-O O-O 8. e4
Nxe4 9. Nxe4 dxe4 10. Bxe4 Rb8 11. Bxh7+ Kxh7 12. Ng5+ Kg6 13. Qg4 f5 14. Qh3
Rh8 15. Qd3 Bxh2+ 16. Kh1 Bf4+ 17. Nh3 Bxc1 18. Raxc1 Qh4 19. Kh2 Ne7 20. g4
Kf7 21. gxf5 Nxf5 22. Rce1 Qf4+ 23. Kh1 Bc6+ 24. f3 Rxh3+ 25. Kg2 Qg3# 0-1

[Event "Schloss op 1st"]
[Site "Heusenstamm"]
[Date "2014.11.22"]
[Round "5.42"]
[White "Leichum, Engelbert"]
[Black "Chandler, Patrick"]
[Result "0-1"]
[WhiteElo "1745"]
[BlackElo "2178"]
[PlyCount "30"]
[EventDate "2014.11.??"]
[EventType "swiss"]
[EventRounds "7"]
[EventCountry "GER"]
[BlackTeam "SC 1934 Gelnhausen"]

1. e4 c5 2. Bc4 Nc6 3. Nf3 g6 4. d3 Bg7 5. Ng5 e6 6. c3 d5 7. Bb5 h6 8. exd5
exd5 9. Qe2+ Nge7 10. Nf3 O-O 11. O-O a6 12. Bxc6 Nxc6 13. h3 Re8 14. Qc2 Bf5
15. Nh4 Qxh4 0-1

[Event "Schloss op 1st"]
[Site "Heusenstamm"]
[Date "2014.11.22"]
[Round "5.43"]
[White "Faerber, David"]
[Black "Schloessner, Henrik"]
[Result "1/2-1/2"]
[WhiteElo "1732"]
[BlackElo "1938"]
[PlyCount "56"]
[EventDate "2014.11.??"]
[EventType "swiss"]
[EventRounds "7"]
[EventCountry "GER"]
[WhiteTeam "SV Walldorf"]
[BlackTeam "SK Gruendau"]

1. e4 c6 2. d4 d5 3. exd5 cxd5 4. Bd3 Nc6 5. c3 Nf6 6. Nf3 Bg4 7. O-O e6 8. Bf4
Bd6 9. Bxd6 Qxd6 10. Nbd2 O-O 11. Re1 Rac8 12. h3 Bh5 13. Nf1 Qf4 14. Qd2 Qxd2
15. N1xd2 a6 16. a4 Bxf3 17. Nxf3 Na5 18. Nd2 Nd7 19. f4 Nb6 20. f5 exf5 21.
Bxf5 Rce8 22. Bd3 g6 23. Kf2 Rxe1 24. Kxe1 Re8+ 25. Kf2 Rc8 26. Kf3 f6 27. Ke3
Kf7 28. g3 Re8+ 1/2-1/2

[Event "Schloss op 1st"]
[Site "Heusenstamm"]
[Date "2014.11.22"]
[Round "5.44"]
[White "Lanz, Udo"]
[Black "Lutwitzi, Klaus"]
[Result "1-0"]
[WhiteElo "1885"]
[BlackElo "1620"]
[PlyCount "63"]
[EventDate "2014.11.??"]
[EventType "swiss"]
[EventRounds "7"]
[EventCountry "GER"]
[WhiteTeam "VSG 1880 Offenbach"]

1. e4 c5 2. Bc4 e6 3. d3 a6 4. Nc3 b5 5. Bb3 Bb7 6. f4 Nf6 7. Nf3 d6 8. a4 b4
9. Ne2 Nbd7 10. O-O Be7 11. h3 O-O 12. g4 Rc8 13. Ng3 d5 14. e5 Ne8 15. d4 c4
16. Ba2 g6 17. c3 b3 18. Bb1 Ng7 19. Kg2 a5 20. f5 gxf5 21. gxf5 f6 22. Bh6
fxe5 23. fxe6 e4 24. exd7 exf3+ 25. Rxf3 Qxd7 26. Bxg7 Kxg7 27. Bf5 Rxf5 28.
Nxf5+ Kh8 29. Nxe7 Qxe7 30. Rg3 Qe4+ 31. Qf3 Qc2+ 32. Kg1 1-0

[Event "Schloss op 1st"]
[Site "Heusenstamm"]
[Date "2014.11.22"]
[Round "5.45"]
[White "Held, Gerd"]
[Black "Haftmann, Rainer"]
[Result "0-1"]
[WhiteElo "1454"]
[BlackElo "1884"]
[PlyCount "90"]
[EventDate "2014.11.??"]
[EventType "swiss"]
[EventRounds "7"]
[EventCountry "GER"]
[WhiteTeam "SC Gross Zimmern"]
[BlackTeam "SG 1945 Dietzenbach"]

1. c4 Nf6 2. g3 e6 3. Bg2 d5 4. cxd5 exd5 5. Nf3 c6 6. O-O Bd6 7. Nc3 O-O 8. a3
Bf5 9. d3 Re8 10. Rb1 h6 11. b4 a6 12. Bb2 Nbd7 13. Re1 Bc7 14. Qd2 Nf8 15. Nd4
Bh7 16. Nd1 Qd7 17. Nb3 Be5 18. Nc5 Qc7 19. Bxe5 Rxe5 20. f3 Rae8 21. e4 dxe4
22. dxe4 N8d7 23. Nxd7 Nxd7 24. Nf2 Nf8 25. Rbd1 f5 26. f4 R5e7 27. e5 Rd7 28.
Qc3 Rxd1 29. Rxd1 Rd8 30. Rd4 Qb6 31. Qc4+ Kh8 32. Rxd8 Qxd8 33. Nd3 Bg8 34.
Qc3 Ne6 35. Nc5 Qd1+ 36. Kf2 Nd4 37. Qd3 Qa1 38. Qd2 Nb3 39. Nxb3 Bxb3 40. Qd7
Qxa3 41. Qc8+ Bg8 42. Qxb7 Qb2+ 43. Kg1 Qd4+ 44. Kf1 Bc4+ 45. Ke1 Qe3+ 0-1

[Event "Schloss op 1st"]
[Site "Heusenstamm"]
[Date "2014.11.22"]
[Round "5.46"]
[White "Weiland, Thomas"]
[Black "Popp, Johann"]
[Result "1-0"]
[WhiteElo "1847"]
[BlackElo "1453"]
[PlyCount "83"]
[EventDate "2014.11.??"]
[EventType "swiss"]
[EventRounds "7"]
[EventCountry "GER"]
[WhiteTeam "SV Oberursel"]
[BlackTeam "VSG 1880 Offenbach"]

1. e4 e6 2. d4 d5 3. exd5 exd5 4. Nf3 Bd6 5. Bd3 Ne7 6. O-O Bf5 7. Re1 Bxd3 8.
Qxd3 O-O 9. Bg5 f6 10. Bh4 Ng6 11. Bg3 Bxg3 12. hxg3 Nd7 13. Nbd2 c6 14. Nb3
Qc7 15. Rac1 Rae8 16. a4 a6 17. a5 Qd8 18. Nfd2 Rxe1+ 19. Rxe1 Re8 20. Qf1 Re7
21. Nf3 Qe8 22. Rxe7 Qxe7 23. Qe1 Kf7 24. Kf1 Qxe1+ 25. Nxe1 Ke6 26. Nd3 Kd6
27. Ndc5 Ngf8 28. Nxb7+ Kc7 29. N7c5 Nb8 30. Ke2 g6 31. g4 Kd6 32. Ke3 Nfd7 33.
f4 h6 34. c3 Nf8 35. Nc1 Nfd7 36. N1d3 Nf8 37. Nb4 Nfd7 38. Nbxa6 Nxa6 39. Nxa6
c5 40. Nxc5 Nxc5 41. dxc5+ Kxc5 42. b4+ 1-0

[Event "Schloss op 1st"]
[Site "Heusenstamm"]
[Date "2014.11.22"]
[Round "5.47"]
[White "Hinrichs, Niklas"]
[Black "Kirchner, Markus"]
[Result "1-0"]
[WhiteElo "1802"]
[BlackElo "1451"]
[PlyCount "41"]
[EventDate "2014.11.??"]
[EventType "swiss"]
[EventRounds "7"]
[EventCountry "GER"]
[WhiteTeam "SK Bingen"]
[BlackTeam "SF Schoeneck"]

1. d4 Nf6 2. c4 d6 3. Nf3 Nbd7 4. Bf4 Nh5 5. Bg5 h6 6. Bh4 g5 7. Bg3 Bg7 8. e3
Nxg3 9. hxg3 c5 10. Nc3 cxd4 11. exd4 Nf6 12. Qb3 O-O 13. Be2 Nh7 14. O-O Kh8
15. Rfe1 f5 16. Bd3 g4 17. Nh4 Qe8 18. Nd5 Qh5 19. Nxe7 Rf6 20. Nd5 Rf8 21. Nf4
1-0

[Event "Schloss op 1st"]
[Site "Heusenstamm"]
[Date "2014.11.22"]
[Round "5.48"]
[White "Neukirchner, Pascal"]
[Black "Ruell, Michael"]
[Result "1-0"]
[WhiteElo "1726"]
[BlackElo "1782"]
[PlyCount "23"]
[EventDate "2014.11.??"]
[EventType "swiss"]
[EventRounds "7"]
[EventCountry "GER"]
[WhiteTeam "SK Gruendau"]
[BlackTeam "SC 1952 Obertshausen"]

1. d4 Nf6 2. Nf3 g6 3. Bf4 Bg7 4. e3 O-O 5. c4 c5 6. Be2 d6 7. Nc3 Nbd7 8. Rc1
Nh5 9. Bg5 Bf6 10. h4 Kg7 11. g4 h6 12. gxh5 1-0

[Event "Schloss op 1st"]
[Site "Heusenstamm"]
[Date "2014.11.22"]
[Round "5.49"]
[White "Libuda, Thomas"]
[Black "Kirchner, Stefan"]
[Result "0-1"]
[WhiteElo "1924"]
[BlackElo "1481"]
[PlyCount "120"]
[EventDate "2014.11.??"]
[EventType "swiss"]
[EventRounds "7"]
[EventCountry "GER"]
[WhiteTeam "1 Hainstaedter SC 1950"]
[BlackTeam "SF Schoeneck"]

1. d4 Nf6 2. Nf3 d6 3. e3 Nbd7 4. Bd3 e5 5. Nbd2 g6 6. O-O Bg7 7. c3 b6 8. b4
Bb7 9. Qc2 Qe7 10. Rb1 e4 11. Qb3 exd3 12. Ne1 O-O 13. Nxd3 Ne4 14. Nc4 Kh8 15.
a4 Qg5 16. Nf4 d5 17. Na3 a6 18. f3 Nd6 19. Qa2 Rae8 20. Qf2 Qe7 21. Qg3 Nf5
22. Qh3 Nf6 23. g4 Bc8 24. Nc2 Nd6 25. Qg2 g5 26. Nd3 Nc4 27. f4 Nxg4 28. fxg5
Ncxe3 29. Nxe3 Nxe3 30. Bxe3 Qxe3+ 31. Nf2 Bh3 32. Qxh3 Qxh3 33. Nxh3 Re3 34.
Nf4 c6 35. Rbc1 Rxc3 36. Ne2 Rc4 37. Rxc4 dxc4 38. Rc1 b5 39. Kf2 f6 40. gxf6
Rxf6+ 41. Ke1 Rf3 42. axb5 axb5 43. Ra1 h5 44. Ra8+ Kh7 45. Ra6 Rf6 46. Kd2 Rd6
47. Kc3 Kg6 48. Ra1 Bf6 49. Rg1+ Kf7 50. Rf1 Ke7 51. Rf5 h4 52. Rh5 Re6 53. Kd2
Re4 54. Rh7+ Kd6 55. Rh6 Ke7 56. Rh7+ Kf8 57. Rc7 Bg5+ 58. Kd1 Re6 59. Ng1 Bf4
60. Nf3 Bxc7 0-1

[Event "Schloss op 1st"]
[Site "Heusenstamm"]
[Date "2014.11.22"]
[Round "5.50"]
[White "Khrapko, Marko"]
[Black "Schreer, Maxima"]
[Result "1-0"]
[WhiteElo "1830"]
[BlackElo "1433"]
[PlyCount "87"]
[EventDate "2014.11.??"]
[EventType "swiss"]
[EventRounds "7"]
[EventCountry "GER"]
[WhiteTeam "SV KS 1929 Großauheim"]
[BlackTeam "Sfr 1891 Friedberg"]

1. e4 e5 2. Nf3 Nc6 3. Bc4 Bc5 4. Nc3 d6 5. h3 h6 6. d3 Nd4 7. Na4 b5 8. Nxc5
dxc5 9. Nxd4 bxc4 10. Nf3 cxd3 11. Nxe5 Qd4 12. Nxd3 Ne7 13. O-O Qxe4 14. Nxc5
Qg6 15. Re1 Bxh3 16. Qf3 Rb8 17. Qxh3 Rd8 18. Qh4 f6 19. Qa4+ Kf8 20. Ne6+ Kf7
21. Nxd8+ Rxd8 22. Be3 Kg8 23. Qc4+ Kh7 24. Qxc7 Re8 25. Qd7 Nf5 26. Bxa7 Nh4
27. Qd3 Nf5 28. Rxe8 Qxe8 29. Qxf5+ Kg8 30. Rd1 Qe7 31. Bc5 Qc7 32. Rd7 Qc8 33.
Rxg7+ Kxg7 34. Qxc8 Kg6 35. g4 Kf7 36. Qd7+ Kg6 37. Bd4 h5 38. Qf5+ Kf7 39.
Qxf6+ Ke8 40. Bc5 Kd7 41. Qd6+ Kc8 42. Qe7 hxg4 43. Bd6 g3 44. Qc7# 1-0

[Event "Schloss op 1st"]
[Site "Heusenstamm"]
[Date "2014.11.22"]
[Round "5.51"]
[White "Wendel, Joachim"]
[Black "Guenther, Rainer"]
[Result "0-1"]
[WhiteElo "1331"]
[BlackElo "1644"]
[PlyCount "68"]
[EventDate "2014.11.??"]
[EventType "swiss"]
[EventRounds "7"]
[EventCountry "GER"]
[WhiteTeam "SV 1920 Hofheim"]
[BlackTeam "SV Mainz Mombach"]

1. e4 c5 2. Nf3 d6 3. Bc4 e6 4. O-O a6 5. a3 Nf6 6. d3 h6 7. Nc3 Be7 8. Qe2 b5
9. Bb3 O-O 10. Be3 Nbd7 11. Rad1 Bb7 12. Bf4 Nh5 13. Be3 Nhf6 14. Bf4 b4 15.
axb4 cxb4 16. Na2 a5 17. Bc4 e5 18. Be3 d5 19. exd5 Nxd5 20. Bd2 Bf6 21. c3
bxc3 22. Nxc3 Nf4 23. Bxf4 exf4 24. Nd5 Nb6 25. Nxf6+ Qxf6 26. Bb5 Rac8 27. Qe5
Qxe5 28. Nxe5 Rc5 29. Nd7 Rxb5 30. Nxf8 Kxf8 31. Rd2 Rg5 32. f3 Nd5 33. Re1 Ne3
34. Kf2 Rxg2# 0-1

[Event "Schloss op 1st"]
[Site "Heusenstamm"]
[Date "2014.11.22"]
[Round "5.52"]
[White "Hinrichs, Paul"]
[Black "Mogler, Michael"]
[Result "1-0"]
[WhiteElo "1644"]
[BlackElo "1115"]
[PlyCount "77"]
[EventDate "2014.11.??"]
[EventType "swiss"]
[EventRounds "7"]
[EventCountry "GER"]
[WhiteTeam "SK Bingen"]
[BlackTeam "TuS Makkabi Frankfurt"]

1. d4 d5 2. c4 dxc4 3. Nc3 Nc6 4. d5 Ne5 5. e4 Nf6 6. Bf4 Ng6 7. Bg3 e6 8. Bxc4
exd5 9. Nxd5 Nxd5 10. Qxd5 Qxd5 11. Bxd5 c6 12. Bb3 Bb4+ 13. Ke2 O-O 14. Nf3
Rd8 15. Rhd1 Bg4 16. h3 Bh5 17. Bc7 Rdc8 18. Bh2 Nf8 19. g4 Bg6 20. Ne5 Re8 21.
f3 Ne6 22. Rd3 Nc5 23. Rd4 Nxb3 24. axb3 Be7 25. Rd7 Bf6 26. Nxg6 hxg6 27. Rxb7
Bxb2 28. Raxa7 Rxa7 29. Rxa7 Be5 30. Bxe5 Rxe5 31. Ra8+ Kh7 32. Kd3 Rc5 33. Ra1
g5 34. b4 Rb5 35. Kc4 Kg6 36. Ra6 Re5 37. Rxc6+ f6 38. Rc7 Kh6 39. b5 1-0

[Event "Schloss op 1st"]
[Site "Heusenstamm"]
[Date "2014.11.22"]
[Round "5.53"]
[White "Masoudi, Kian"]
[Black "Firinci, Erdem"]
[Result "0-1"]
[WhiteElo "1178"]
[BlackElo "1633"]
[PlyCount "93"]
[EventDate "2014.11.??"]
[EventType "swiss"]
[EventRounds "7"]
[EventCountry "GER"]
[WhiteTeam "SC Bergen Enkheim 1922"]
[BlackTeam "Sfr Heusenstam"]

1. d4 Nf6 2. Nf3 d5 3. Bf4 Nc6 4. c3 Bf5 5. Nbd2 e6 6. e3 Bd6 7. Ne5 O-O 8.
Ndf3 Ne4 9. h4 Nxe5 10. dxe5 Be7 11. h5 c5 12. Rg1 Bg4 13. Bd3 Bxh5 14. g4 Bg6
15. Qc2 c4 16. Bxe4 Bxe4 17. Qe2 Bd3 18. Qd2 b5 19. O-O-O Qa5 20. Nd4 Qxa2 21.
Nc2 Qb3 22. Nd4 Qa4 23. Nc2 a5 24. f3 b4 25. Qh2 bxc3 26. bxc3 Ba3+ 27. Nxa3
Qxa3+ 28. Qb2 Qxb2+ 29. Kxb2 Rab8+ 30. Kc1 Rb3 31. Rxd3 cxd3 32. Kd2 a4 33.
Kxd3 Rc8 34. Rc1 a3 35. Ra1 h6 36. e4 Rcxc3+ 37. Ke2 Rxf3 38. Bd2 dxe4 39. Bc1
Rh3 40. Kd1 Rh1+ 41. Kc2 Rhh3 42. Ra2 Rbc3+ 43. Kd2 Rcg3 44. Kc2 Rh2+ 45. Kb1
Rxa2 46. Kxa2 e3 47. Kxa3 0-1

[Event "Schloss op 1st"]
[Site "Heusenstamm"]
[Date "2014.11.22"]
[Round "5.54"]
[White "Burow, Roger"]
[Black "Roytblat, David"]
[Result "1-0"]
[WhiteElo "1628"]
[BlackElo "1042"]
[PlyCount "107"]
[EventDate "2014.11.??"]
[EventType "swiss"]
[EventRounds "7"]
[EventCountry "GER"]
[WhiteTeam "SV 1920 Kelsterbach"]
[BlackTeam "SC Heusenstamm"]

1. Nf3 Nc6 2. d4 d5 3. c4 e6 4. Nc3 Nf6 5. e3 Be7 6. cxd5 exd5 7. Bd3 Bg4 8. h3
Bh5 9. O-O O-O 10. Re1 Bb4 11. a3 Bd6 12. Be2 Re8 13. Kh1 Ne4 14. Kg1 Nf6 15.
Qb3 Ne7 16. Qxb7 c6 17. Qb3 Bc7 18. Qc2 Qd6 19. g3 Qd7 20. Kg2 Ng6 21. Rh1 Ne7
22. Bd3 Bxf3+ 23. Kxf3 Kh8 24. g4 Ne4 25. Nxe4 dxe4+ 26. Bxe4 g6 27. Ke2 Kg8
28. Bd2 Rab8 29. Bf3 Rb7 30. h4 Reb8 31. b4 Nd5 32. h5 g5 33. h6 f6 34. Rhc1
Qd8 35. Be4 Qe7 36. f3 Bd6 37. Qxc6 Nc7 38. Qc4+ Kf8 39. Bxb7 Rxb7 40. Ra2 Rb8
41. Rac2 Rc8 42. Qd3 Kg8 43. Qf5 Rd8 44. e4 a6 45. Bc3 Kf7 46. Qxh7+ Ke8 47.
Qg6+ Kd7 48. h7 Rh8 49. Rh1 Kc8 50. Kd3 Ne6 51. Qg8+ Rxg8 52. hxg8=Q+ Nf8 53.
d5 Qd8 54. Bxf6+ 1-0

[Event "Schloss op 1st"]
[Site "Heusenstamm"]
[Date "2014.11.22"]
[Round "5.55"]
[White "Deppe, Leo"]
[Black "Idrissi, Mourad"]
[Result "1-0"]
[WhiteElo "1610"]
[BlackElo "1085"]
[PlyCount "109"]
[EventDate "2014.11.??"]
[EventType "swiss"]
[EventRounds "7"]
[EventCountry "GER"]
[WhiteTeam "SC Bad Soden"]

1. d4 Nf6 2. Bg5 e6 3. e4 h6 4. Bxf6 Qxf6 5. Nf3 d5 6. Nbd2 c5 7. c3 Nc6 8.
exd5 exd5 9. dxc5 Bxc5 10. Nb3 Qe7+ 11. Be2 Be6 12. Nxc5 Qxc5 13. O-O O-O 14.
Re1 Rfe8 15. Rc1 Qb6 16. Qc2 Rac8 17. a3 d4 18. Qd2 Red8 19. cxd4 Nxd4 20. Rxc8
Bxc8 21. Nxd4 Qxd4 22. Qxd4 Rxd4 23. Bf3 Kh7 24. g3 Rd7 25. Rc1 Rd8 26. Rc7 Bh3
27. Rc2 f5 28. Be2 Rd7 29. f4 g5 30. Kf2 gxf4 31. gxf4 Rg7 32. Bf3 h5 33. Rd2
Bg4 34. Bg2 h4 35. h3 Bh5 36. Rd5 Bg6 37. a4 Rc7 38. Ke3 Kg7 39. b4 Kf7 40. Rc5
Re7+ 41. Kd4 Kf6 42. a5 Rd7+ 43. Bd5 Bf7 44. Kc4 Rxd5 45. Rxd5 Bxd5+ 46. Kxd5
a6 47. Kc5 Ke6 48. Kb6 Kd5 49. Kxb7 Ke4 50. Kxa6 Kxf4 51. Kb6 Kg5 52. a6 f4 53.
a7 f3 54. a8=Q f2 55. Qg2+ 1-0